Quick Pick: 'I-O-U' Athletes Quiz Stats

 Plays Quiz Updated Nov 21, 2017

Challenge
Share
Tweet
Embed
Score 0/10 Timer 01:00
7 Plays Today
% Correct
Shaquille O'Neal
90.5%
Allen Iverson
84%
David Ortiz
83.4%
Hakeem Olajuwon
83%
Johnny Unitas
76.4%
Bobby Orr
75.6%
Michael Irvin
75.2%
Wes Unseld
70.6%
Jarome Iginla
66.3%
Gene Upshaw
64.7%

Today's Daily Dose

You're not logged in!

Compare scores with friends on all Sporcle quizzes.
OR
Log In

You Might Also Like...

Show Comments

Extras

Top Quizzes Today


Score Distribution

Your Account Isn't Verified!

In order to create a playlist on Sporcle, you need to verify the email address you used during registration. Go to your Sporcle Settings to finish the process.

Report this User

Report this user for behavior that violates our Community Guidelines.

Details: